Kauzálny nexus v judikatúre SR vo vzťahu k profesijnej zodpovednosti

Pohľad na aplikáciu učení o príčinnej súvislosti slovenskou judikatúrou.

Guardado en:
Detalles Bibliográficos
Autor principal: Csach, Kristián
Formato: Capítulo de libro
Lenguaje:eslovaco
Materias:
Etiquetas: Agregar Etiqueta
Sin Etiquetas, Sea el primero en etiquetar este registro!

MARC

LEADER 00000naa a2200000 4500
001 0194242
005 20231208100540.7
041 0 |a slo 
044 |a SK 
245 1 0 |a Kauzálny nexus v judikatúre SR vo vzťahu k profesijnej zodpovednosti  |c Kristián Csach 
520 |a Pohľad na aplikáciu učení o príčinnej súvislosti slovenskou judikatúrou. 
610 2 0 |a Slovensko 
610 2 0 |a teórie právne 
610 2 0 |a súdy 
610 2 0 |a ochrana právna 
610 2 0 |a zodpovednosť právna 
100 1 |a Csach, Kristián